[Event "DM Kandidatklassen 2025"]
[Site "Svendborg"]
[Date "2025.04.16"]
[Round "2"]
[White "Sandmann, Villads Majvang"]
[Black "Iskos, Lukas"]
[Result "1/2-1/2"]
[WhiteElo "2291"]
[BlackElo "2008"]
[WhiteFideId "1472313"]
[BlackFideId "1461613"]
[EventDate "2025.04.15"]
[EventType "swiss"]
[EventRounds "7"]
[EventCountry "DEN"]
[SourceTitle "Live v. Kasper Jerwiarz"]

1. d4 Nf6 2. c4 e6 3. Nf3 d5 4. g3 Bb4+ 5. Nbd2 dxc4 6. a3 Bxd2+ 7. Bxd2 O-O 8. Bg2 Nc6 9. Bc3 Rb8 10. e3 b5 11. Nd2 Bb7 12. b3 Nd5 13. Qc1 b4 14. axb4 Ncxb4 15. O-O cxb3 16. Bxb4 Nxb4 17. Bxb7 b2 18. Qxb2 Rxb7 19. Ne4 Qd5 20. Nc5 Rb6 21. Qc3 Ra8 22. Na4 Rb7 23. Nc5 Rb6 24. Na4 Rb7 25. Nc5 1/2-1/2

[Event "DM Kandidatklassen 2025"]
[Site "Svendborg"]
[Date "2025.04.16"]
[Round "2"]
[White "Ramsdal, Jens Albert"]
[Black "Laza, Szabolcs"]
[Result "1-0"]
[WhiteElo "2342"]
[BlackElo "2203"]
[WhiteFideId "1429221"]
[BlackFideId "741345"]
[EventDate "2025.04.15"]
[EventType "swiss"]
[EventRounds "7"]
[EventCountry "DEN"]
[SourceTitle "Live v. Kasper Jerwiarz"]

1. e4 c5 2. Nf3 d6 3. d4 cxd4 4. Nxd4 Nf6 5. Nc3 Nc6 6. Bg5 e6 7. Qd2 a6 8. O-O-O Bd7 9. f4 b5 10. Bxf6 gxf6 11. Kb1 b4 12. Nce2 Qb6 13. f5 Nxd4 14. Nxd4 e5 15. Nb3 Bc6 16. Qe1 a5 17. Nd2 d5 18. exd5 Bxd5 19. Nc4 Bxc4 20. Bxc4 Bc5 21. Qe4 Rd8 22. Rxd8+ 1-0

[Event "DM Kandidatklassen 2025"]
[Site "Svendborg"]
[Date "2025.04.16"]
[Round "2"]
[White "Saugmann, Frederik Chabert"]
[Black "Haarh, Simon Bjork"]
[Result "0-1"]
[WhiteElo "2133"]
[BlackElo "2192"]
[WhiteFideId "1476122"]
[BlackFideId "1470515"]
[EventDate "2025.04.15"]
[EventType "swiss"]
[EventRounds "7"]
[EventCountry "DEN"]
[SourceTitle "Live v. Kasper Jerwiarz"]

1. d4 Nf6 2. c4 c5 3. d5 e6 4. Nc3 exd5 5. cxd5 d6 6. e4 g6 7. h3 Bg7 8. Bd3 O-O 9. Nf3 Re8 10. O-O c4 11. Bxc4 Nxe4 12. Nxe4 Rxe4 13. Qc2 Re8 14. Be3 Na6 15. Rae1 Bd7 16. Qd2 b5 17. Be2 Nc5 18. Nd4 a6 19. Bf3 Qf6 20. b3 Ne4 21. Qd3 Ng5 22. Bxg5 Qxg5 23. Ne6 Qf6 24. Nxg7 Kxg7 25. Re3 Rac8 26. Rxe8 Rxe8 27. Rc1 Qb2 28. Qb1 Qxb1 29. Rxb1 Rc8 30. a4 b4 31. Be2 a5 32. Bc4 Rc5 33. Ra1 Kf6 34. Kf1 Ke5 35. Ke2 Kd4 36. Rd1+ Kc3 37. Rd3+ Kb2 38. Rd2+ Ka3 39. Kd3 Bf5+ 40. Kd4 Bb1 41. Re2 Ba2 42. Re3 Rc7 43. h4 h5 44. Rf3 Re7 45. Rf6 Kb2 46. Rxd6 Bxb3 47. Bb5 Bc2 48. Rb6 Re4+ 49. Kc5 Kc3 50. d6 Rd4 51. d7 Bf5 52. Bc6 Bxd7 53. Bd5 Be6 54. Bxe6 fxe6 55. Rb5 Rd5+ 56. Kb6 Rxb5+ 57. axb5 a4 58. Kc7 b3 59. b6 b2 0-1

[Event "DM Kandidatklassen 2025"]
[Site "Svendborg"]
[Date "2025.04.16"]
[Round "2"]
[White "Stovring, Claus"]
[Black "Abildlund, Jens"]
[Result "1/2-1/2"]
[WhiteElo "2038"]
[BlackElo "2196"]
[WhiteFideId "1406914"]
[BlackFideId "1403001"]
[EventDate "2025.04.15"]
[EventType "swiss"]
[EventRounds "7"]
[EventCountry "DEN"]
[SourceTitle "Live v. Kasper Jerwiarz"]

1. e4 d6 2. d4 e5 3. Nf3 exd4 4. Qxd4 Nc6 5. Bb5 Bd7 6. Bxc6 Bxc6 7. Bg5 Nf6 8. Nc3 Be7 9. O-O-O O-O 10. h3 Re8 11. Rhe1 Nd7 12. Bxe7 Rxe7 13. Nd5 Re6 14. Nf4 Re8 15. Nd5 Ne5 16. Nxe5 Rxe5 17. f4 Re6 18. Re3 Bxd5 19. exd5 1/2-1/2

[Event "DM Kandidatklassen 2025"]
[Site "Svendborg"]
[Date "2025.04.16"]
[Round "2"]
[White "Slavensky, Asbjorn Vesterkaer"]
[Black "Thogersen, Rasmus"]
[Result "1-0"]
[WhiteElo "2079"]
[BlackElo "2302"]
[WhiteFideId "1470094"]
[BlackFideId "1431412"]
[EventDate "2025.04.15"]
[EventType "swiss"]
[EventRounds "7"]
[EventCountry "DEN"]
[SourceTitle "Live v. Kasper Jerwiarz"]

1. d4 e6 2. c4 Nf6 3. Nf3 Bb4+ 4. Nbd2 b6 5. g3 Ba6 6. Qc2 Bb7 7. a3 Be4 8. Qd1 Bxd2+ 9. Qxd2 d5 10. b3 Nc6 11. Bb2 Na5 12. Qc3 dxc4 13. bxc4 c5 14. Rd1 Qe7 15. Bg2 O-O 16. O-O Rac8 17. d5 exd5 18. cxd5 Rfd8 19. Bh3 Rb8 20. Nh4 Rxd5 21. Rxd5 Bxd5 22. Nf5 Qxe2 23. Nxg7 Nc4 24. Qxf6 Qe4 25. f3 Qe3+ 26. Rf2 Nd2 27. Qc3 Nxf3+ 28. Kf1 Qh6 29. Nh5 Nd4 30. Nf6+ Kg7 31. Bg2 Be6 32. h4 Rd8 33. Bc1 Qg6 34. Be4 Bh3+ 35. Kg1 Qxf6 36. Qe3 Qd6 37. Qg5+ Kf8 38. Bxh7 Ne2+ 39. Kh2 Nxc1 40. Qg8+ 1-0

[Event "DM Kandidatklassen 2025"]
[Site "Svendborg"]
[Date "2025.04.16"]
[Round "2"]
[White "Thuesen, Mogens Henrik"]
[Black "Pirtac, Alexandru"]
[Result "0-1"]
[WhiteElo "2205"]
[BlackElo "2078"]
[WhiteFideId "1400878"]
[BlackFideId "13912143"]
[EventDate "2025.04.15"]
[EventType "swiss"]
[EventRounds "7"]
[EventCountry "DEN"]
[SourceTitle "Live v. Kasper Jerwiarz"]

1. d4 Nf6 2. c4 g6 3. Nc3 Bg7 4. e4 O-O 5. Nf3 d6 6. Be2 e5 7. O-O Nc6 8. d5 Ne7 9. b4 Nh5 10. c5 f5 11. a4 Nf4 12. a5 fxe4 13. Ng5 Nf5 14. Ngxe4 Nh4 15. g3 Nxe2+ 16. Nxe2 Nf3+ 17. Kg2 Bf5 18. Kxf3 Qd7 19. Kg2 Bxe4+ 20. f3 Rxf3 21. Rxf3 Bxf3+ 0-1

[Event "DM Kandidatklassen 2025"]
[Site "Svendborg"]
[Date "2025.04.16"]
[Round "2"]
[White "Jarlskov, Daniel Tuk Hartso"]
[Black "Jensen, Thore Nyboe"]
[Result "1/2-1/2"]
[WhiteElo "2184"]
[BlackElo "2084"]
[WhiteFideId "1463896"]
[BlackFideId "1405349"]
[EventDate "2025.04.15"]
[EventType "swiss"]
[EventRounds "7"]
[EventCountry "DEN"]
[SourceTitle "Live v. Kasper Jerwiarz"]

1. d4 Nf6 2. c4 e6 3. Nf3 b6 4. g3 Bb7 5. Bg2 Be7 6. O-O O-O 7. Nc3 Ne4 8. Qc2 Nxc3 9. bxc3 f5 10. d5 Na6 11. Nd4 Nc5 12. Rd1 Bd6 13. Ba3 Qf6 14. dxe6 Bxg2 15. Kxg2 dxe6 16. Nb5 e5 17. Rd5 Rfd8 18. Rad1 Nb7 19. Nxd6 cxd6 20. Qa4 Qe7 21. h4 Qc7 22. h5 h6 23. Qc2 Qxc4 24. Qxf5 Qxc3 25. Bxd6 Rxd6 26. Rxd6 Nxd6 27. Rxd6 Rf8 28. Qe6+ Kh8 29. Qe7 Kg8 30. Qe6+ Kh8 31. Qe7 Kg8 32. Rd7 Qc6+ 33. f3 Qf6 34. Rxa7 Qxe7 35. Rxe7 Ra8 36. Rxe5 Rxa2 37. Kf2 Kf7 38. g4 Rb2 39. f4 Kf6 40. Rf5+ Ke6 41. Re5+ Kf6 42. Kf3 Rb1 43. e3 b5 44. Rc5 b4 45. Rc6+ Kf7 46. Ke4 b3 47. Kf5 b2 48. Rc7+ Kf8 49. Rb7 Re1 50. Rxb2 Rxe3 51. Rb6 Re8 52. Kg6 Kg8 53. f5 Ra8 54. Rc6 Rb8 55. Ra6 Rc8 56. g5 hxg5 57. Kxg5 Rc1 58. Ra4 Kf7 59. Rb4 Rg1+ 60. Rg4 Rf1 61. Rg3 Rf2 62. Ra3 Rf1 63. Ra7+ Kg8 64. Ra6 Rg1+ 65. Kf4 Rh1 66. Kg4 Rg1+ 67. Kf4 Rh1 68. Kg4 Rg1+ 69. Kf4 1/2-1/2

[Event "DM Kandidatklassen 2025"]
[Site "Svendborg"]
[Date "2025.04.16"]
[Round "2"]
[White "Ostergreen Johansen, Benjamin"]
[Black "Wahlgreen, Noah Krug"]
[Result "0-1"]
[WhiteElo "2031"]
[BlackElo "2076"]
[WhiteFideId "1476742"]
[BlackFideId "1457349"]
[EventDate "2025.04.15"]
[EventType "swiss"]
[EventRounds "7"]
[EventCountry "DEN"]
[SourceTitle "Live v. Kasper Jerwiarz"]

1. e4 c5 2. Nf3 d6 3. d4 cxd4 4. Nxd4 Nf6 5. Nc3 a6 6. Be2 e5 7. Nb3 Be7 8. g4 h6 9. h4 Be6 10. Be3 d5 11. exd5 Nxd5 12. Nxd5 Bxd5 13. Bf3 Bxf3 14. Qxf3 Nc6 15. Rd1 Qc7 16. c3 Rd8 17. g5 Rxd1+ 18. Kxd1 h5 19. Kc2 Nb4+ 20. Kb1 Qc6 21. Qxc6+ Nxc6 22. Rd1 f6 23. Nd2 Kf7 24. Rg1 Nd8 25. Kc2 Ne6 26. Ne4 fxg5 27. Bxg5 Rf8 28. Kd3 Ke8 29. Ke3 Nxg5 30. hxg5 g6 31. c4 Kd7 32. b4 Ke6 33. a3 Kf5 34. c5 Rd8 35. Rg3 Rd4 36. Rf3+ Ke6 37. Nf6 a5 38. bxa5 Ra4 39. Ke2 Bxc5 40. Rb3 Rxa3 41. Rb5 Ra2+ 42. Kd3 Bxf2 43. Rxb7 Rxa5 44. Ne4 Bd4 45. Rg7 Ra3+ 46. Kc4 Kf5 0-1

[Event "DM Kandidatklassen 2025"]
[Site "Svendborg"]
[Date "2025.04.16"]
[Round "2"]
[White "Durrfeld, Sofie Bech"]
[Black "Sorensen, Reto Utiger"]
[Result "1-0"]
[WhiteElo "1989"]
[BlackElo "2104"]
[WhiteFideId "1451324"]
[BlackFideId "1426664"]
[EventDate "2025.04.15"]
[EventType "swiss"]
[EventRounds "7"]
[EventCountry "DEN"]
[SourceTitle "Live v. Kasper Jerwiarz"]

1. e4 e5 2. Nf3 Nc6 3. d4 exd4 4. Nxd4 Nf6 5. Nxc6 bxc6 6. e5 Nd5 7. c4 Nb6 8. Bd3 d5 9. exd6 cxd6 10. O-O Be7 11. Qc2 h6 12. Nc3 O-O 13. Bf4 Be6 14. b3 d5 15. cxd5 cxd5 16. Rac1 Ba3 17. Rcd1 Rc8 18. Be5 Bg4 19. f3 d4 20. Bh7+ Kh8 21. Bxd4 Qc7 22. fxg4 Bc5 23. Nb5 Qe5 24. Qxc5 Qxc5 25. Bxc5 1-0

[Event "DM Kandidatklassen 2025"]
[Site "Svendborg"]
[Date "2025.04.16"]
[Round "2"]
[White "Veiergang, Oscar Jacob"]
[Black "Derlich, Sarah Sima"]
[Result "1-0"]
[WhiteElo "2156"]
[BlackElo "2002"]
[WhiteFideId "1470183"]
[BlackFideId "1469290"]
[EventDate "2025.04.15"]
[EventType "swiss"]
[EventRounds "7"]
[EventCountry "DEN"]
[SourceTitle "Live v. Kasper Jerwiarz"]

1. e4 c5 2. c3 Nf6 3. e5 Nd5 4. f4 e6 5. d4 cxd4 6. Qxd4 Nc6 7. Qe4 Bc5 8. Nf3 d6 9. b4 Bb6 10. Bb5 O-O 11. Bd2 Qc7 12. Na3 Bd7 13. Bd3 f5 14. Qe2 dxe5 15. Nb5 Qb8 16. fxe5 Nd8 17. Nd6 Nf7 18. c4 Ne7 19. c5 Bc7 20. O-O Ng6 21. Bc4 Bd8 22. Bc3 Kh8 23. Nd4 Nxd6 24. exd6 Bf6 25. Qd2 Qc8 26. Rae1 e5 27. Nb3 Be6 28. Bxe6 Qxe6 29. Nd4 Qc4 30. Nxf5 Rae8 31. Ne3 Qh4 32. g3 Qh3 33. Qg2 Qd7 34. Rd1 Bg5 35. Qe4 Bxe3+ 36. Qxe3 Qc6 37. Rxf8+ Nxf8 38. Bxe5 Qd7 39. Qc3 Ng6 40. Rf1 h6 41. Bd4 Kh7 42. Qf3 Rf8 43. Qd3 Re8 44. Qf5 Qd8 45. Qf7 Ne5 46. Qxb7 a5 47. Rf5 1-0

[Event "DM Kandidatklassen 2025"]
[Site "Svendborg"]
[Date "2025.04.16"]
[Round "2"]
[White "Yildiz, Hasan"]
[Black "Hansen, Per"]
[Result "1-0"]
[WhiteElo "1974"]
[BlackElo "2089"]
[WhiteFideId "1435086"]
[BlackFideId "1407520"]
[EventDate "2025.04.15"]
[EventType "swiss"]
[EventRounds "7"]
[EventCountry "DEN"]
[SourceTitle "Live v. Kasper Jerwiarz"]

1. c4 g6 2. Nc3 Bg7 3. g3 Nc6 4. Bg2 e5 5. e3 d6 6. Nge2 Nge7 7. O-O O-O 8. a3 a5 9. b3 Bf5 10. d3 Qd7 11. Bb2 Bh3 12. e4 Bxg2 13. Kxg2 f5 14. f4 Rae8 15. Nd5 exf4 16. Bxg7 f3+ 17. Rxf3 Kxg7 18. Nef4 Nd4 19. Re3 Nec6 20. Ra2 Ne5 21. h3 c6 22. Nc3 c5 23. Ncd5 Kh8 24. b4 axb4 25. axb4 Ra8 26. Rb2 Qf7 27. bxc5 dxc5 28. exf5 Nec6 29. fxg6 hxg6 30. Qg4 Kh7 31. Qh4+ Kg7 32. g4 Rh8 33. Qg3 Rae8 34. Rf2 Qd7 35. Rxe8 Rxe8 36. Qh4 Qd6 37. Qg5 Re5 38. Nh5+ Kg8 39. Ndf6+ 1-0

[Event "DM Kandidatklassen 2025"]
[Site "Svendborg"]
[Date "2025.04.17"]
[Round "3"]
[White "Medhus, Vitus Bondo"]
[Black "Rewitz, Poul"]
[Result "1-0"]
[WhiteElo "2329"]
[BlackElo "2262"]
[WhiteFideId "1462547"]
[BlackFideId "1401033"]
[EventDate "2025.04.15"]
[EventType "swiss"]
[EventRounds "7"]
[EventCountry "DEN"]
[SourceTitle "Live v. Kasper Jerwiarz"]

1. e4 c6 2. d4 d5 3. f3 e5 4. dxe5 Bc5 5. Nc3 Ne7 6. Bd3 O-O 7. f4 Na6 8. Nf3 Nb4 9. a3 Nxd3+ 10. cxd3 dxe4 11. dxe4 Be6 12. Qe2 b5 13. Be3 Bc4 14. Qf2 Bb6 15. Rd1 Qc7 16. Bxb6 axb6 17. Qe3 f6 18. exf6 Ng6 19. g3 Rxf6 20. Nd2 Nxf4 21. gxf4 Rxf4 22. Nxc4 bxc4 23. Kd2 Raf8 24. Kc1 b5 25. Rd2 Qe5 26. Qd4 Qxd4 27. Rxd4 c5 28. Rd5 b4 29. Nb5 Rxe4 30. Rxc5 bxa3 31. Nxa3 Rff4 32. Rc8+ Kf7 33. Nb5 Re6 34. Rc7+ Kf6 35. Nc3 Re5 36. Rd1 Rh4 37. Rf1+ Ke6 38. Rxg7 Rxh2 39. Rg4 Rc5 40. Re4+ Kd7 41. Rd1+ Kc7 42. Re7+ Kc6 43. Rde1 Rh6 44. R1e6+ Rxe6 45. Rxe6+ Kb7 46. Rh6 Rc7 47. Ne4 Rg7 48. Kc2 Ka7 49. Kc3 Rb7 50. Nd2 1-0

[Event "DM Kandidatklassen 2025"]
[Site "Svendborg"]
[Date "2025.04.17"]
[Round "3"]
[White "Loftgaard, Mikkel Vinh"]
[Black "Matthiesen, Martin"]
[Result "0-1"]
[WhiteElo "2230"]
[BlackElo "2304"]
[WhiteFideId "1468480"]
[BlackFideId "1404067"]
[EventDate "2025.04.15"]
[EventType "swiss"]
[EventRounds "7"]
[EventCountry "DEN"]
[SourceTitle "Live v. Kasper Jerwiarz"]

1. e4 e5 2. Nf3 Nc6 3. c3 Nf6 4. d4 exd4 5. e5 Nd5 6. cxd4 d6 7. Bg5 Be7 8. Bxe7 Qxe7 9. Bb5 Bd7 10. O-O O-O 11. Re1 dxe5 12. Bxc6 Bxc6 13. Nxe5 Qd6 14. Nc3 Nf6 15. Nxc6 Qxc6 16. d5 Qb6 17. Qc2 Rad8 18. Rad1 Rfe8 19. Ne4 Nxd5 20. Rxd5 Rxd5 21. Nf6+ gxf6 22. Rxe8+ Kg7 23. g3 Re5 24. Rc8 Re1+ 25. Kg2 Qb5 26. Rxc7 Qf1+ 27. Kf3 Qh1+ 28. Kg4 Qxh2 29. Qc4 f5+ 30. Kxf5 Qxf2+ 31. Qf4 Rf1 32. Qxf2 Rxf2+ 33. Ke5 Rxb2 34. Rd7 Kg6 35. Kf4 h5 36. Kf3 a6 37. a4 Rb3+ 38. Kf2 f6 39. Kg2 b6 40. Rd6 a5 41. Kh3 Rb4 42. Rc6 Kg5 43. Rd6 f5 44. Kg2 h4 45. gxh4+ Kxh4 46. Rg6 Rg4+ 0-1

[Event "DM Kandidatklassen 2025"]
[Site "Svendborg"]
[Date "2025.04.17"]
[Round "3"]
[White "Haarh, Simon Bjork"]
[Black "Jalving, August"]
[Result "1-0"]
[WhiteElo "2192"]
[BlackElo "2142"]
[WhiteFideId "1470515"]
[BlackFideId "1471759"]
[EventDate "2025.04.15"]
[EventType "swiss"]
[EventRounds "7"]
[EventCountry "DEN"]
[SourceTitle "Live v. Kasper Jerwiarz"]

1. e4 e5 2. Nf3 Nc6 3. Bb5 a6 4. Ba4 Nf6 5. O-O Nxe4 6. d4 b5 7. Bb3 d5 8. dxe5 Be6 9. c3 Bc5 10. Nbd2 O-O 11. Qe2 Bf5 12. Nxe4 dxe4 13. Ng5 Nxe5 14. Nxe4 Bb6 15. Ng3 Qf6 16. Bg5 Bd3 17. Bxf6 Bxe2 18. Bxe5 Bxf1 19. Kxf1 Rad8 20. Bf4 a5 21. a4 bxa4 22. Bxa4 Rd5 23. Re1 Rfd8 24. Ne4 Kf8 25. g4 h6 26. h4 f5 27. gxf5 Rxf5 28. Bg3 Rd3 29. Kg2 Rd8 30. Re2 Rf7 31. Nd2 c5 32. Nc4 Bc7 33. Ne5 Bxe5 34. Rxe5 Rc8 35. h5 Rb7 36. Re2 c4 37. Bd6+ Kf7 38. Bc2 Rd8 39. Bg6+ Kg8 40. Ba3 Rbd7 41. Re7 Rxe7 42. Bxe7 Rd7 43. Ba3 Rc7 44. Kf3 Rd7 45. Ke4 Rd8 46. f4 Rd1 47. f5 Rd8 48. Ke5 Rd1 49. Ke6 Rd2 50. Ke7 Kh8 51. Kf7 a4 52. Ke7 Rd5 53. f6 Rb5 54. f7 Re5+ 55. Kd7 Rd5+ 56. Bd6 Rxd6+ 57. Kxd6 a3 58. f8=R# 1-0

[Event "DM Kandidatklassen 2025"]
[Site "Svendborg"]
[Date "2025.04.17"]
[Round "3"]
[White "Laursen, Christopher Hofman"]
[Black "Ramsdal, Jens Albert"]
[Result "0-1"]
[WhiteElo "2248"]
[BlackElo "2342"]
[WhiteFideId "1405233"]
[BlackFideId "1429221"]
[EventDate "2025.04.15"]
[EventType "swiss"]
[EventRounds "7"]
[EventCountry "DEN"]
[SourceTitle "Live v. Kasper Jerwiarz"]

1. Nf3 d5 2. b3 c5 3. e3 Nf6 4. Bb2 g6 5. c4 dxc4 6. bxc4 Bg7 7. Be2 O-O 8. O-O Bf5 9. d3 Qb6 10. Bc3 Rd8 11. a4 Nc6 12. a5 Qc7 13. a6 Rab8 14. axb7 Qxb7 15. Ne5 Nb4 16. Qa4 Nd7 17. Nxd7 Rxd7 18. e4 Be6 19. f4 f5 20. e5 Nxd3 21. Bf3 Qc7 22. Bc6 Rdd8 23. Ba5 Qc8 24. Bxd8 Qxd8 25. Bd5 Bxd5 26. cxd5 Qxd5 27. Nc3 Qe6 28. Rab1 Rd8 29. Qa2 Qxa2 30. Nxa2 g5 31. fxg5 e6 32. Rfd1 Bxe5 33. Rb7 c4 34. Kf1 Rd4 35. g3 f4 36. Nb4 fxg3 37. hxg3 Rd8 38. Nc6 Rf8+ 39. Kg2 Rf2+ 40. Kh3 Bd6 41. Rd7 Bc5 42. Rb1 Rf7 43. Rd8+ Kg7 44. Rbb8 Rc7 45. Rbc8 Rxc8 46. Rxc8 Kg6 47. Ne5+ Nxe5 48. Rxc5 Kf5 49. Rc7 Ke4 50. Rxh7 c3 51. Rxa7 c2 52. Ra1 Kd3 53. Kh4 Nf3+ 54. Kh5 Nd2 55. Re1 Ne4 56. Kh6 Kd2 57. Rf1 Nxg3 58. g6 Nxf1 59. g7 c1=Q 60. g8=Q Kd3+ 61. Kg6 Qc6 62. Kf6 Qc3+ 63. Kg5 Qe5+ 64. Kh6 Qh2+ 0-1

[Event "DM Kandidatklassen 2025"]
[Site "Svendborg"]
[Date "2025.04.17"]
[Round "3"]
[White "Iskos, Lukas"]
[Black "Hansen, Soren Bech"]
[Result "1-0"]
[WhiteElo "2008"]
[BlackElo "2268"]
[WhiteFideId "1461613"]
[BlackFideId "1400681"]
[EventDate "2025.04.15"]
[EventType "swiss"]
[EventRounds "7"]
[EventCountry "DEN"]
[SourceTitle "Live v. Kasper Jerwiarz"]

1. d4 Nf6 2. Nf3 e6 3. Bf4 b6 4. e3 Bb7 5. Nbd2 c5 6. c3 Be7 7. h3 d5 8. Bd3 Nbd7 9. O-O Ne4 10. Ne5 Nxd2 11. Qxd2 Nxe5 12. Bxe5 O-O 13. Qe2 f5 14. Qf3 Qe8 15. a4 Bc6 16. Qg3 Qg6 17. Qxg6 hxg6 18. b3 Kf7 19. a5 Rfc8 20. Ba6 Rh8 21. b4 cxb4 22. cxb4 Bxb4 23. Rfc1 Bd7 24. Rc7 Ke7 25. Bb5 Rad8 26. axb6 a5 27. b7 Bd6 28. Bxd6+ Kxd6 29. b8=Q Rxb8 30. Rxd7# 1-0

[Event "DM Kandidatklassen 2025"]
[Site "Svendborg"]
[Date "2025.04.17"]
[Round "3"]
[White "Le Besq, Alexander"]
[Black "Sandmann, Villads Majvang"]
[Result "1-0"]
[WhiteElo "2256"]
[BlackElo "2291"]
[WhiteFideId "1437089"]
[BlackFideId "1472313"]
[EventDate "2025.04.15"]
[EventType "swiss"]
[EventRounds "7"]
[EventCountry "DEN"]
[SourceTitle "Live v. Kasper Jerwiarz"]

1. e4 c5 2. Nf3 Nc6 3. d4 cxd4 4. Nxd4 Nf6 5. Nc3 e5 6. Ndb5 d6 7. Bg5 a6 8. Na3 b5 9. Bxf6 gxf6 10. Nd5 f5 11. g3 fxe4 12. Bg2 Be6 13. Bxe4 Bg7 14. O-O O-O 15. c3 Rc8 16. Nc2 f5 17. Bg2 Kh8 18. f4 e4 19. Kh1 Ne7 20. Nxe7 Qxe7 21. Qd2 Rc5 22. Ne3 Rd8 23. Rfd1 Qf7 24. Bh3 a5 25. Rdc1 a4 26. a3 Qh5 27. Bf1 Bb3 28. Be2 Qf7 29. Bd1 Be6 30. Nc2 Bd5 31. Qe3 Bb7 32. Kg1 Rdc8 33. Be2 Bd5 34. Nd4 Bc4 35. Rd1 Qb7 36. Rd2 Qf7 37. Rad1 Kg8 38. Bf1 Bxf1 39. Kxf1 Qc4+ 40. Ne2 d5 41. Kg2 Rd8 42. Nd4 Bxd4 43. Rxd4 Qa2 44. Rb4 Rdc8 45. Qd4 Rxc3 46. Rxb5 Rc2+ 47. Kh3 Qc4 48. Qxd5+ Qxd5 49. Rdxd5 e3 50. Rxf5 e2 51. Rfe5 Rd8 52. Rb4 Rdd2 53. Rxa4 h5 54. Kh4 Rxb2 55. Rae4 Kg7 56. Kg5 1-0

[Event "DM Kandidatklassen 2025"]
[Site "Svendborg"]
[Date "2025.04.17"]
[Round "3"]
[White "Veiergang, Oscar Jacob"]
[Black "Hansen, Lars"]
[Result "0-1"]
[WhiteElo "2156"]
[BlackElo "2188"]
[WhiteFideId "1470183"]
[BlackFideId "1402528"]
[EventDate "2025.04.15"]
[EventType "swiss"]
[EventRounds "7"]
[EventCountry "DEN"]
[SourceTitle "Live v. Kasper Jerwiarz"]

1. d4 Nf6 2. Bf4 e6 3. Nf3 b6 4. e3 Bb7 5. Bd3 d6 6. O-O Nbd7 7. Nbd2 Be7 8. h3 O-O 9. Bh2 c5 10. Qe2 d5 11. c3 c4 12. Bc2 b5 13. Ne5 Nxe5 14. dxe5 Nd7 15. Nf3 b4 16. Nd4 bxc3 17. bxc3 Nc5 18. Rfb1 Qd7 19. a4 Bc6 20. a5 Rab8 21. Bf4 Ba4 22. Bxa4 Nxa4 23. Qc2 Nc5 24. a6 Rxb1+ 25. Qxb1 Qc7 26. Qb5 Rb8 27. Qc6 Qd8 28. Nb5 Rc8 29. Nxa7 Rxc6 30. Nxc6 Qa8 31. a7 Kf8 32. e4 Ke8 33. exd5 exd5 34. Be3 Nb3 35. Ra6 Bc5 36. Bxc5 Nxc5 37. Ra5 Nd7 38. Rb5 Qxc6 39. Rb8+ Ke7 40. a8=Q Nxb8 41. Qxb8 Ke6 42. Qh8 Qc7 43. f4 d4 44. Qxg7 dxc3 45. Qg4+ Ke7 46. Qd1 Qd7 47. Qc1 Qd2 48. Qa3+ Ke6 49. Qa6+ Kd5 50. Qb7+ Kd4 51. Qa7+ Ke4 52. Qxf7 c2 53. Qb7+ Kd3 54. Qd5+ Ke3 55. Qc5+ Qd4 0-1

[Event "DM Kandidatklassen 2025"]
[Site "Svendborg"]
[Date "2025.04.17"]
[Round "3"]
[White "Andersen, Thomas Klitgaard"]
[Black "Slavensky, Asbjorn Vesterkaer"]
[Result "1-0"]
[WhiteElo "2196"]
[BlackElo "2079"]
[WhiteFideId "1408267"]
[BlackFideId "1470094"]
[EventDate "2025.04.15"]
[EventType "swiss"]
[EventRounds "7"]
[EventCountry "DEN"]
[SourceTitle "Live v. Kasper Jerwiarz"]

1. Nf3 d5 2. c4 e6 3. g3 dxc4 4. Qa4+ Nd7 5. Qxc4 a6 6. Bg2 b5 7. Qc2 Bb7 8. O-O Ngf6 9. a4 c5 10. Rd1 Be7 11. d4 Be4 12. Qd2 c4 13. Ne5 Bxg2 14. Kxg2 Qc8 15. Nxd7 Qxd7 16. axb5 Qb7+ 17. f3 axb5 18. Rxa8+ Qxa8 19. Qg5 Qa6 20. Qxg7 Rg8 21. Qh6 b4 22. Kf2 c3 23. bxc3 b3 24. Qf4 Nd7 25. Qe4 Nf6 26. Qd3 Qb7 27. c4 b2 28. Bf4 Rg6 29. e4 Nh5 30. Be3 Qb8 31. e5 Qd8 32. Nc3 Bh4 33. Ne4 Bxg3+ 34. hxg3 Nxg3 35. Nf6+ Kf8 36. Qa3+ Kg7 37. Qxb2 Nf5 38. Rh1 h6 39. Qd2 Qc8 40. c5 Qa8 41. Bf4 Qc6 42. Rb1 Nh4 43. Bxh6+ Rxh6 44. Qg5+ Ng6 45. Rb8 Rh2+ 46. Kg1 Rh1+ 47. Kg2 1-0

[Event "DM Kandidatklassen 2025"]
[Site "Svendborg"]
[Date "2025.04.17"]
[Round "3"]
[White "Jorgensen, Brian Jorgen"]
[Black "Stovring, Claus"]
[Result "0-1"]
[WhiteElo "2180"]
[BlackElo "2038"]
[WhiteFideId "1401548"]
[BlackFideId "1406914"]
[EventDate "2025.04.15"]
[EventType "swiss"]
[EventRounds "7"]
[EventCountry "DEN"]
[SourceTitle "Live v. Kasper Jerwiarz"]

1. c4 e5 2. Nc3 d6 3. Nf3 f5 4. d4 e4 5. Ng5 Be7 6. Nh3 Nf6 7. e3 Nbd7 8. Nf4 Nf8 9. h4 Ng6 10. Nfe2 h5 11. Nf4 Nxf4 12. exf4 c6 13. d5 O-O 14. Be2 Ng4 15. g3 Bf6 16. Qc2 Qb6 17. Nd1 cxd5 18. cxd5 Bd7 19. a4 Rac8 20. Qd2 Rc5 21. O-O Rfc8 22. Bxg4 hxg4 23. Ne3 Ra5 24. Ra3 Qa6 25. b3 Bc3 26. Qd1 b5 27. Bd2 b4 28. Ra2 Qd3 29. Qe1 Bxd2 30. Rxd2 Qxb3 31. Rd4 Rxa4 32. Kg2 a5 33. Qe2 Ra2 34. Qe1 g6 35. Kg1 Bb5 36. Qd1 Qxd1 37. Rfxd1 b3 38. Rb1 b2 39. Kg2 0-1

[Event "DM Kandidatklassen 2025"]
[Site "Svendborg"]
[Date "2025.04.17"]
[Round "3"]
[White "Abildlund, Jens"]
[Black "Durrfeld, Sofie Bech"]
[Result "0-1"]
[WhiteElo "2196"]
[BlackElo "1989"]
[WhiteFideId "1403001"]
[BlackFideId "1451324"]
[EventDate "2025.04.15"]
[EventType "swiss"]
[EventRounds "7"]
[EventCountry "DEN"]
[SourceTitle "Live v. Kasper Jerwiarz"]

1. d4 d5 2. Nf3 Nf6 3. Bf4 c5 4. e3 Nc6 5. c3 Qb6 6. Qb3 c4 7. Qc2 Bf5 8. Qc1 Nh5 9. Bg3 Nxg3 10. hxg3 g6 11. Nbd2 Bg7 12. Be2 O-O 13. Nh4 Bd7 14. e4 Nxd4 15. cxd4 Bxd4 16. Nxc4 Bxf2+ 17. Kf1 dxc4 18. Qh6 Be3 0-1

[Event "DM Kandidatklassen 2025"]
[Site "Svendborg"]
[Date "2025.04.17"]
[Round "3"]
[White "Wahlgreen, Noah Krug"]
[Black "Yildiz, Hasan"]
[Result "1/2-1/2"]
[WhiteElo "2076"]
[BlackElo "1974"]
[WhiteFideId "1457349"]
[BlackFideId "1435086"]
[EventDate "2025.04.15"]
[EventType "swiss"]
[EventRounds "7"]
[EventCountry "DEN"]
[SourceTitle "Live v. Kasper Jerwiarz"]

1. e4 d6 2. d4 Nf6 3. Nc3 g6 4. Bg5 Bg7 5. e5 Nfd7 6. exd6 cxd6 7. Qd2 O-O 8. h4 Nf6 9. Bh6 Nc6 10. O-O-O Qa5 11. h5 Nb4 12. hxg6 fxg6 13. Bc4+ d5 14. Nxd5 Nfxd5 15. a3 Be6 16. Bxg7 Kxg7 17. Nf3 h5 18. Rhe1 Rac8 19. Rxe6 Rxf3 20. Bxd5 Rxc2+ 21. Qxc2 Nxc2 22. Bxf3 Nxa3 23. Rxe7+ Kf8 24. Re2 Qg5+ 25. Rdd2 Nc4 26. Bxb7 Nxd2 27. Rxd2 Ke7 28. Kd1 Kd6 29. Be4 Qf4 30. Bf3 h4 31. Rc2 g5 32. Ke2 g4 33. Ba8 a5 34. Rc3 Kd7 35. g3 Qb8 36. Bc6+ Kd6 37. gxh4 Qxb2+ 38. Kd3 Qxf2 39. Be4 Qxh4 40. Rc6+ Kd7 41. Ra6 Qe1 42. Bf5+ Kc7 43. Bxg4 Qg3+ 44. Kc4 Qxg4 45. Rxa5 Qe2+ 46. Kb4 Qd2+ 47. Kb5 Qxd4 48. Ra6 Qd3+ 49. Ka5 Qb3 50. Rh6 Qd5+ 51. Ka4 Qa2+ 52. Kb5 Qe2+ 53. Ka4 Qe4+ 54. Ka5 Qe1+ 55. Ka4 Qe4+ 56. Ka5 Qa8+ 57. Ra6 Qd5+ 58. Ka4 Qc4+ 59. Ka5 Kb7 60. Ra7+ Kb8 61. Ra6 Qc5+ 62. Ka4 Kb7 63. Ra5 Qc4+ 64. Ka3 Kb6 65. Ra4 Qc3+ 66. Ka2 Kb5 67. Ra3 Qc2+ 68. Ka1 Qc1+ 69. Ka2 Qd2+ 70. Kb3 Qd1+ 71. Kc3 Kc5 72. Ra5+ Kb6 73. Ra2 Kb5 74. Rd2 Qe1 75. Kd3 Kc5 76. Re2 Qf1 77. Ke3 Kc4 78. Rc2+ Kb3 79. Rf2 Qg1 80. Ke2 Kc3 81. Rf1 Qg4+ 82. Ke3 Qd4+ 83. Kf3 Kd2 84. Rf2+ Kd3 85. Kg3 Qe5+ 86. Kf3 Qe4+ 87. Kg3 Ke3 88. Rg2 Qf4+ 89. Kh3 Qh6+ 90. Kg3 Qg5+ 91. Kh3 Qf5+ 92. Kg3 Qh5 93. Rg1 Qg5+ 94. Kh2 Qh4+ 95. Kg2 Ke2 96. Ra1 Qg5+ 97. Kh3 Qh6+ 98. Kg3 Qg7+ 1/2-1/2